000 00433ntaaa2200169 4500
003 01
005 20251027201406.0
008 0714s1973 ag 01
040 _aAR-BaBN
_bspa
_cAR-BaBN
_eaacr
_dRIC
082 _a225.8230 H91
100 _aHunter, Archibald M.
_912401
245 _aMessage of the New Testament
250 _a1 ed. :
_bWestminster Press,
_cc/945
300 _a122 p.
650 _aBiblia-Nuevo Testamento
942 _cBK
999 _c8446
_d8446